Principles and practice of public enterprise management (Record no. 92408)

MARC details
000 -LEADER
fixed length control field 00511nam a2200193Ia 4500
008 - FIXED-LENGTH DATA ELEMENTS--GENERAL INFORMATION
fixed length control field 230125s9999 xx 000 0 und d
020 ## - INTERNATIONAL STANDARD BOOK NUMBER
International Standard Book Number 81-219-0492-7
041 ## - LANGUAGE CODE
Language code of text/sound track or separate title eng
082 ## - DEWEY DECIMAL CLASSIFICATION NUMBER
Classification number 658.001
Item number NAR
100 ## - MAIN ENTRY--PERSONAL NAME
Personal name Narain L
9 (RLIN) 114819
245 ## - TITLE STATEMENT
Title Principles and practice of public enterprise management
260 ## - PUBLICATION, DISTRIBUTION, ETC. (IMPRINT)
Date of publication, distribution, etc. 1980
Name of publisher, distributor, etc. S. Chand & Company Ltd.
Place of publication, distribution, etc. New Delhi
300 ## - PHYSICAL DESCRIPTION
Extent 495p
500 ## - GENERAL NOTE
Keywords PPM
500 ## - GENERAL NOTE
Keywords Public enterprise
650 ## - SUBJECT ADDED ENTRY--TOPICAL TERM
Topical term or geographic name as entry element Management
700 ## - ADDED ENTRY--PERSONAL NAME
Personal name Narain L
9 (RLIN) 114819
Holdings
Withdrawn status Lost status Damaged status Not for loan Home library Current library Date acquired Vendor Cost, normal purchase price Full call number Barcode Date last seen Cost, replacement price Bill Date Koha item type Original Barcode
Withdrawn 2022-23       Smt. Hiraben Nanavati Institute of Management & Research for Women Smt. Hiraben Nanavati Institute of Management & Research for Women 21/12/2000 Satya Gilani 90.00 658.001 NAR DB0422 HIMR-DB-422 25/01/2023 90.00 18/01/2001 Donated Book DB0422